[Event "ICS rated blitz match"]
[Site "207.99.83.227"]
[Date "1999.05.11"]
[Round "?"]
[White "egghead"]
[Black "Hossa"]
[Result "1-0"]
[WhiteElo "2428"]
[BlackElo "2396"]
[Annotator "Crafty v16.6"]
[PlyCount "50"]

{annotating for player ossa using a scoring margin of +0.20 pawns. search time
limit is 1:00} 1. d4 1... Nf6 2. c4 d6 3. Nc3 Nbd7 4. e4 e5 5. Nf3 Be7 6. Be2
O-O 7. O-O c5 ({10:-0.48} 7... c5 8. d5 Nb6 9. Qd3 Bg4 10. Be3 Qd7 11. Rad1
Rad8 12. Ng5 $14) ({10:-0.11} 7... exd4 8. Nxd4 Nc5 9. Bf3 Ncd7 10. Nf5 Ne5 11.
Nxe7+ Qxe7 12. Be2 Bg4 13. Nd5 Nxd5 14. Bxg4 Nxg4 15. Qxd5 $10) 8. dxe5 dxe5 ({
11:-0.70} 8... dxe5 9. Qd3 Qc7 10. Bg5 Qd8 11. Rad1 Re8 12. Nb5 a6 13. Nc3
13... Ng4 $14) ({11:-0.41} 8... Nxe5 9. Nxe5 dxe5 10. Qxd8 Bxd8 11. Be3 b6 12.
f3 Nh5 13. Nd5 Bh4 14. Rad1 14... Rd8 $14) 9. Qd3 Ng4 10. Nd5 a5 11. Nxe7+ Qxe7
12. Rd1 Rd8 ({10:-1.30} 12... Rd8 13. Bg5 Ngf6 14. Nh4 Qe6 15. Nf5 a4 16. Nd6
h6 17. Bh4 $16) ({10:-0.89} 12... h6 13. h3 Ngf6 14. Be3 Nb8 15. Nh4 Nh7 16.
Nf5 Bxf5 17. exf5 17... Nc6 $16) 13. Bg5 Ngf6 14. Nh4 Qe6 ({11:-1.77} 14... Qe6
15. Nf5 Rf8 16. Qe3 Ra6 17. Nxg7 Kxg7 18. Bh6+ Kh8 19. Bxf8 Nxf8 20. Qxc5 $18)
({11:-1.39} 14... Ra6 15. Nf5 Qf8 16. Rd2 Re6 17. Rad1 b6 18. Qe3 Qe8 19. Nd6
19... Qe7 $16) 15. Nf5 Ra7 ({9:-2.27} 15... Ra7 16. Bg4 Kf8 17. f3 Qa6 18. Qd6+
Qxd6 19. Nxd6 Ra8 20. Nxc8 Raxc8 21. Bxf6 Nxf6 22. Bxc8 22... Rxc8 $18) ({
9:-1.77} 15... Rf8 16. Qe3 Ra6 17. Nxg7 Kxg7 18. Bh6+ Kh8 19. Bxf8 Nxf8 20.
Qxc5 $18) 16. Bg4 Kf8 17. Qe3 h5 ({10:-5.01} 17... h5 18. Bh3 Ra6 19. Rxd7 Nxd7
20. Bxd8 Qxc4 21. Ne7 Ra8 22. Bf5 $18) ({10:-3.98} 17... Ra6 18. Rxd7 Bxd7 19.
Qxc5+ Kg8 20. Ne7+ Qxe7 21. Qxe7 Re8 22. Qxd7 Nxd7 23. Bxd7 $18) 18. Bh3 Re8 ({
10:-5.96} 18... Re8 19. Nxg7 Qc6 20. Nxe8 Kxe8 21. Qg3 Qxe4 22. Bxf6 Nxf6 23.
Bxc8 23... Qxc4 $18) ({10:-4.96} 18... Ra6 19. Rxd7 Bxd7 20. Qxc5+ Kg8 21. Ne7+
Qxe7 22. Qxe7 Re8 23. Qa3 Bxh3 24. Qxh3 Nxe4 25. Qxh5 Nxg5 26. Qxg5 $18) 19.
Nxg7 Qc6 20. Nxe8 Kxe8 21. Qg3 Qxe4 22. Bxf6 Nxf6 23. Bxc8 b6 24. Re1 Qd4 ({
9:-10.38} 24... Qd4 25. Rad1 Re7 26. Rxd4 cxd4 27. Qg7 Nd7 28. Qh8+ Nf8 29.
Rxe5 Rxe5 30. Qxe5+ $18) ({9:-8.29} 24... h4 25. Qg5 Qc6 26. Rxe5+ Re7 27. Rd1
Qc7 28. Bd7+ Kd8 29. Bh3+ Ke8 30. Rf5 $18) 25. Rad1 Re7 1-0

[Event "ICS rated blitz match"]
[Site "207.99.83.227"]
[Date "1999.05.11"]
[Round "?"]
[White "Hossa"]
[Black "JudgeTurpin"]
[Result "0-1"]
[WhiteElo "2375"]
[BlackElo "2605"]
[Annotator "Crafty v16.6"]
[PlyCount "95"]

{annotating for player ossa using a scoring margin of +0.20 pawns. search time
limit is 1:00} 1. e4 1... e5 2. f4 exf4 3. Nf3 d5 4. Nc3 dxe4 5. Nxe4 Qe7 6.
Qe2 Bg4 7. d3 Bxf3 8. gxf3 Nc6 9. Bxf4 O-O-O 10. Bh3+ Kb8 11. O-O-O Nd4 12. Qe3
h6 13. c3 Ne6 14. Be5 ({9:-0.04} 14. Be5 14... Ng5 15. Nxg5 hxg5 16. Bg4 f6 17.
Bd4 Qxe3+ 18. Bxe3 Bd6 19. h3 19... Bf4 $10) ({9:+0.23} 14. Bg3 14... Nf6 15.
Nxf6 Qxf6 16. Be5 Qh4 17. Bg4 Qe7 18. Rhe1 18... Re8 $10) 14... Ng5 15. Nxg5
hxg5 16. Bg2 Qe6 17. Kb1 Nf6 18. Rde1 ({9:-0.27} 18. Rde1 18... Qf5 19. Bf1 Bd6
20. Rg1 g4 21. Bxf6 Qxf6 22. Rxg4 22... Rxh2 $10) ({9:+0.10} 18. Rhe1 18... Qf5
19. Bg3 Rd5 20. Qe2 Bd6 21. f4 Rb5 22. fxg5 Bxg3 23. hxg3 23... Qxg5 $10) 18...
Qf5 19. Bxf6 Qxf6 20. Qe4 Bd6 21. f4 c6 22. fxg5 Qxg5 23. h4 Qh5 24. Re3 f5 25.
Qd4 Qh6 26. Rf3 g6 27. Qf2 Rde8 28. Qd4 Qf8 29. Rhf1 ({10:-1.41} 29. Rhf1 29...
Re2 30. R3f2 Be5 31. Qd7 Rxf2 32. Rxf2 Qd6 33. Qxd6+ Bxd6 34. Kc2 Rxh4 35. Re2
$17) ({10:-0.66} 29. Rff1 29... Qe7 30. Bf3 Qe5 31. Qxe5 Rxe5 32. h5 g5 33. d4
Re6 34. Kc2 $15) 29... Qe7 30. Rh3 a5 31. Bh1 g5 32. h5 g4 33. Bxc6 bxc6 34.
Rhh1 Rhf8 35. Qb6+ Qb7 36. Qxa5 f4 37. Rhg1 g3 38. h6 f3 39. c4 f2 40. Rg2 Re2
41. Qc3 Be5 42. d4 Rf3 43. Qc1 Bxd4 44. Rfxf2 gxf2 45. Rg8+ Ka7 46. Rg7 Rxb2+
47. Qxb2 f1=Q+ 48. Kc2 0-1

[Event "ICS rated blitz match"]
[Site "207.99.83.227"]
[Date "1999.05.11"]
[Round "?"]
[White "Hossa"]
[Black "JudgeTurpin"]
[Result "0-1"]
[WhiteElo "2368"]
[BlackElo "2612"]
[Annotator "Crafty v16.6"]
[PlyCount "49"]

{annotating for player ossa using a scoring margin of +0.20 pawns. search time
limit is 1:00} 1. e4 1... e5 2. f4 exf4 3. Nf3 g5 4. d4 ({10:-1.63} 4. d4 4...
g4 5. Ne5 Qh4+ 6. Kd2 d6 7. Nd3 Nf6 8. Nc3 8... g3 $19) ({10:-0.72} 4. h3 4...
Nf6 5. Nxg5 h6 6. Nf3 Nxe4 7. Nc3 Ng3 8. Rg1 8... Bb4 $17) 4... g4 5. Ne5 Qh4+
6. Kd2 d6 7. Nc4 f3 8. gxf3 Bh6+ 9. Kc3 Bxc1 10. Qxc1 gxf3 11. Nbd2 ({9:-0.86} 
11. Nbd2 11... f2 12. e5 Nc6 13. Nf3 Qe4 14. Qe3 d5 15. Bd3 Qxe3 16. Nxe3 $17)
({9:-0.39} 11. Qe3 11... Nf6 12. Nbd2 f2 13. Be2 Bh3 14. Bf1 Be6 15. Na5 15...
Ng4 $15) 11... Nf6 12. e5 ({9:-1.37} 12. e5 12... Nc6 13. exf6 Qxd4+ 14. Kb3 b5
15. Nxf3 bxc4+ 16. Ka4 Qxf6 17. Qe3+ Qe6 18. Re1 $17) ({9:-0.80} 12. Nxf3 12...
Qxe4 13. Qd1 Bg4 14. Bg2 Nc6 15. Re1 Bxf3 16. Qxf3 Nd5+ 17. Kd2 $17) 12... Nd5+
13. Kb3 b5 14. Nxd6+ cxd6 15. Bxb5+ ({8:-2.16} 15. Bxb5+ 15... Bd7 16. Nxf3 Qe4
17. Qf1 Ne3 18. Qe2 Bxb5 19. Qxb5+ Nc6 20. exd6 20... Qxf3 $19) ({8:-1.79} 15.
exd6 15... Qxd4 16. Bxb5+ Bd7 17. Re1+ Kd8 18. Re4 Qb6 19. a4 Bxb5 20. axb5
Qxd6 21. Nxf3 $19) 15... Bd7 16. Nxf3 Qe4 17. Bxd7+ ({9:-4.46} 17. Bxd7+ 17...
Nxd7 18. exd6 Qxf3+ 19. c3 Rb8+ 20. Ka3 N7b6 21. Re1+ Kd7 22. b3 Nxc3 23. Re3
Nb5+ 24. Kb2 $19) ({9:-2.76} 17. Qf1 17... Ne3 18. Qd3 Qxf3 19. exd6 Bxb5 20.
Qxb5+ Nc6 21. Rhe1 21... O-O $19) 17... Nxd7 18. exd6 Qxf3+ 19. c3 Ne3 20.
Qxe3+ Qxe3 21. Rhe1 Qe6+ 22. d5 Rb8+ 23. Kc2 Qxe1 24. Rxe1+ Kd8 25. Re7 0-1

[Event "ICS rated blitz match"]
[Site "207.99.83.227"]
[Date "1999.05.11"]
[Round "?"]
[White "Hossa"]
[Black "JudgeTurpin"]
[Result "0-1"]
[WhiteElo "2362"]
[BlackElo "2618"]
[Annotator "Crafty v16.6"]
[PlyCount "81"]

{annotating for player ossa using a scoring margin of +0.20 pawns. search time
limit is 1:00} 1. e4 1... e5 2. f4 exf4 3. Nf3 d5 4. Nc3 dxe4 5. Nxe4 Qe7 6.
Qe2 Bg4 7. d3 Bxf3 8. gxf3 Nc6 9. Bxf4 O-O-O 10. Bh3+ Kb8 11. O-O-O Nd4 12. Qe3
h6 13. c3 Ne6 14. Be5 ({9:-0.04} 14. Be5 14... Ng5 15. Nxg5 hxg5 16. Bg4 f6 17.
Bd4 Qxe3+ 18. Bxe3 Bd6 19. h3 19... Bf4 $10) ({9:+0.23} 14. Bg3 14... Nf6 15.
Nxf6 Qxf6 16. Be5 Qh4 17. Bg4 Qe7 18. Rhe1 18... Re8 $10) 14... Ng5 15. Nxg5
hxg5 16. Bg2 Qe6 17. Kb1 Nf6 18. Rhe1 Re8 19. f4 g4 20. Qd4 Bd6 21. Qg1 a5 22.
Qh1 c6 23. Bxc6 bxc6 24. Qxc6 Bxe5 25. Qb5+ Ka7 26. Qxa5+ Qa6 27. Qxa6+ Kxa6
28. fxe5 Nd7 29. Re4 ({11:-0.78} 29. Re4 29... Rxe5 30. Ra4+ Kb6 31. Rb4+ Kc6
32. Rc4+ Kd6 33. Rd2 33... f5 $17) ({11:-0.18} 29. Rd2 29... Rxe5 30. Rf1 f6
31. c4 Rhe8 32. b4 Re2 33. Kc2 Kb6 34. b5 $10) 29... Rxe5 30. Ra4+ Kb6 31. Rd2
Re1+ 32. Kc2 Ne5 33. Rf4 Rh1 34. Rb4+ Kc6 35. h3 gxh3 36. d4 Nf3 37. d5+ Kc5
38. a4 Nxd2 39. Rb5+ Kd6 40. Rb6+ Ke5 41. Rb5 0-1

[Event "ICS rated blitz match"]
[Site "207.99.83.227"]
[Date "1999.05.11"]
[Round "?"]
[White "Hossa"]
[Black "JudgeTurpin"]
[Result "0-1"]
[WhiteElo "2356"]
[BlackElo "2624"]
[Annotator "Crafty v16.6"]
[PlyCount "53"]

{annotating for player ossa using a scoring margin of +0.20 pawns. search time
limit is 1:00} 1. e4 1... e5 2. f4 exf4 3. Nf3 g5 4. d4 ({10:-1.63} 4. d4 4...
g4 5. Ne5 Qh4+ 6. Kd2 d6 7. Nd3 Nf6 8. Nc3 8... g3 $19) ({10:-0.72} 4. h3 4...
Nf6 5. Nxg5 h6 6. Nf3 Nxe4 7. Nc3 Ng3 8. Rg1 8... Bb4 $17) 4... g4 5. Ne5 Qh4+
6. Kd2 d6 7. Nc4 f3 8. gxf3 Bh6+ 9. Kc3 Bxc1 10. Qxc1 gxf3 11. Nbd2 ({9:-0.86} 
11. Nbd2 11... f2 12. e5 Nc6 13. Nf3 Qe4 14. Qe3 d5 15. Bd3 Qxe3 16. Nxe3 $17)
({9:-0.39} 11. Qe3 11... Nf6 12. Nbd2 f2 13. Be2 Bh3 14. Bf1 Be6 15. Na5 15...
Ng4 $15) 11... Nf6 12. e5 ({9:-1.37} 12. e5 12... Nc6 13. exf6 Qxd4+ 14. Kb3 b5
15. Nxf3 bxc4+ 16. Ka4 Qxf6 17. Qe3+ Qe6 18. Re1 $17) ({9:-0.80} 12. Nxf3 12...
Qxe4 13. Qd1 Bg4 14. Bg2 Nc6 15. Re1 Bxf3 16. Qxf3 Nd5+ 17. Kd2 $17) 12... Nd5+
13. Kb3 b5 14. Nxd6+ cxd6 15. Bxb5+ ({8:-2.16} 15. Bxb5+ 15... Bd7 16. Nxf3 Qe4
17. Qf1 Ne3 18. Qe2 Bxb5 19. Qxb5+ Nc6 20. exd6 20... Qxf3 $19) ({8:-1.79} 15.
exd6 15... Qxd4 16. Bxb5+ Bd7 17. Re1+ Kd8 18. Re4 Qb6 19. a4 Bxb5 20. axb5
Qxd6 21. Nxf3 $19) 15... Bd7 16. Nxf3 Qe4 17. Qf1 Ne3 18. Qe2 ({9:-5.14} 18.
Qe2 18... Bxb5 19. Qxb5+ Nc6 20. Qe2 dxe5 21. c3 Qd5+ 22. c4 Nxd4+ 23. Nxd4
Qxd4 24. Rhc1 $19) ({9:-3.99} 18. Qd3 18... Qxf3 19. Rhe1 Bxb5 20. Rxe3 Bxd3
21. Rxf3 Be4 22. Rf6 $19) 18... Bxb5 19. Qxb5+ Nd7 20. Qe2 ({9:-8.88} 20. Qe2
20... Rb8+ 21. Ka3 Nxc2+ 22. Qxc2 Qxc2 23. b3 Qc3 24. Rhf1 dxe5 25. dxe5 Qa5+
26. Kb2 Nxe5 27. Nxe5 27... Qxe5+ $19) ({9:-6.17} 20. e6 20... Qxc2+ 21. Kb4
a5+ 22. Ka3 Nc4+ 23. Qxc4 Qxc4 24. exd7+ Kxd7 25. b3 Qb4+ 26. Kb2 Rac8 27. Rhc1
27... f5 $19) 20... Rb8+ 21. Kc3 ({9:-13.60} 21. Kc3 21... Rc8+ 22. Kb4 Qb7+
23. Ka3 Rxc2 24. Rab1 Rxe2 25. Rhc1 a5 26. b4 26... Qxf3 $19) ({9:-8.81} 21.
Ka3 21... Nxc2+ 22. Qxc2 Qxc2 23. b3 Qc3 24. exd6 Qxf3 25. Rhe1+ Kd8 26. Re7
$19) 21... Rc8+ 22. Kb3 Qb7+ 23. Ka3 Rxc2 24. Rab1 Rxe2 25. Ka4 Nc2 26. b4 Qd5
27. exd6 0-1

[Event "ICS rated blitz match"]
[Site "207.99.83.227"]
[Date "1999.05.11"]
[Round "?"]
[White "MateWithYou2"]
[Black "Hossa"]
[Result "0-1"]
[WhiteElo "1993"]
[BlackElo "2350"]
[PlyCount "54"]

1. Nf3 d5 2. d3 Nf6 3. g3 Nc6 4. Bg2 e5 5. O-O Be7 6. c3 O-O 7. a3 e4 8. Ne1
Ne5 9. d4 Nc4 10. b3 Nd6 11. e3 Bf5 12. Nd2 Qd7 13. c4 dxc4 14. bxc4 Bh3 15.
Rb1 b6 16. Qc2 Bxg2 17. Kxg2 Rae8 18. Nb3 Qg4 19. h3 Qe6 20. c5 Nc4 21. cxb6
axb6 22. Ra1 c6 23. Qc3 Nd5 24. Qc2 Ra8 25. a4 Bb4 26. Kh2 Bc3 27. Bd2 27...
Nxd2 {MateWithYou2 resigns} 0-1

[Event "ICS rated blitz match"]
[Site "207.99.83.227"]
[Date "1999.05.11"]
[Round "?"]
[White "Hossa"]
[Black "xypher"]
[Result "0-1"]
[WhiteElo "2354"]
[BlackElo "2800"]
[Annotator "Fritz 5.32 (30s)"]
[PlyCount "220"]

1. e4 1... e5 {Opening = C36 - 3.Nf3 d5} 2. f4 exf4 3. Nf3 d5 4. Nc3 dxe4 5.
Nxe4 Qe7 (5... Nf6 6. Nxf6+ Qxf6 7. d4 Bd6 8. Bd3 O-O 9. O-O Bg4 10. c3 Nc6 11.
Qc2 h6 12. Nd2 g5 13. Ne4 Qe7 14. Bd2 Rae8 15. Rae1 Qd8 16. b4 Be7 17. Kh1 f5
18. Nf2 Bf6 19. h3 Bh5 20. Bxf5 {
Conquest,S-Fox,A/op, Kilkenny IRL 1996/1-0 (35)}) 6. Qe2 Bg4 7. d3 $146 (7. d4
Nd7 8. Bxf4 h6 9. Bxc7 Qe6 10. d5 Bxf3 11. gxf3 Bb4+ 12. c3 Bxc3+ 13. bxc3 Qf5
14. Nd6+ {1-0 Wall,B-Stauffer,A/Dayton OH 1982 (14)}) 7... Nc6 8. Bxf4 O-O-O 9.
O-O-O 9... Nb4 $11 (9... Qe6 10. Kb1 $15) 10. Kb1 $15 (10. Qf2 Qe6 11. Qxa7
Qxa2 (11... Nxa2+ $143 12. Kb1 Nb4 13. Qa8+ Kd7 14. Qa4+ Kc8 15. Re1 $14) 12.
Qxa2 Nxa2+ 13. Kb1 13... Nb4 $11) 10... Nf6 11. Re1 Qe6 12. Nc3 Nfd5 13. Qxe6+
Bxe6 14. Bg5 Re8 15. Nxd5 Nxd5 16. d4 Bb4 17. Re4 17... f6 {Kontrolliert e5}
18. Bd2 $15 (18. Bc4 Nc3+ 19. bxc3 Bxc4 20. Rxe8+ Rxe8 21. cxb4 21... fxg5 $11)
18... Bxd2 19. Nxd2 Bf5 20. Rxe8+ 20... Rxe8 {Droht Matt} 21. Bb5 Rd8 22. Re1
Nb4 23. Ba4 Rxd4 24. Re2 c5 25. a3 Nd5 26. Bb3 Kd7 27. Kc1 Bg4 28. Re4 Nf4 29.
Rxd4+ cxd4 30. g3 Ne2+ 31. Kb1 b5 32. a4 a6 33. axb5 axb5 34. Bg8 h5 35. Bh7 f5
36. Bg6 b4 37. Bf7 f4 38. gxf4 Nxf4 39. Nb3 Ke7 40. Bc4 Kd6 41. Bb5 (41. Nxd4
$4 {den sollte Weiss lieber stehen lassen} 41... Kc5 $19) 41... Kd5 42. Ba6
42... Bf5 {Schwarz plant d3} 43. Bb7+ Ke5 44. Na5 d3 45. Nc6+ Kd6 46. Nd4 Bg6
47. cxd3 Nxd3 48. Ka1 Ke5 49. Nc6+ Kf4 50. Ba6 b3 51. Bc4 Nc5 52. Nd4 Bc2 53.
Bb5 (53. Bf7 53... Kg4 $19) 53... g5 (53... Ke3 {
und Schwarz haette es noch leichter} 54. Nc6 Kf3 55. Nd4+ Kg2 56. h4 $19) 54.
Bc4 g4 55. Bf1 55... h4 {Jetzt haengt g3 in der Luft} 56. Bb5 (56. Nb5 $19 {
sonst gehen die Lichter sofort aus}) 56... g3 (56... Ke3 $142 {
und Schwarz ist direkt am Ziel} 57. Nc6 g3 58. hxg3 hxg3 59. Bf1 $19) 57. hxg3+
hxg3 58. Ne2+ Kf3 59. Bc4 (59. Nxg3 {bot noch bessere Widerstandsmoeglichkeiten
} 59... Kxg3 60. Bc6 $19) 59... Bd3 (59... g2 $142 {und nichts geht mehr} 60.
Ng1+ Kf2 61. Nh3+ Kg3 62. Ng1 $19) 60. Nxg3 Bxc4 61. Nf5 Ke4 62. Nd6+ Kd5 63.
Nf5 Nd3 64. Kb1 Kc5 65. Ka1 65... Ne1 {Schwarz erlangt Initiative} 66. Ng7 Bf7
67. Nf5 Bg6 68. Ne7 (68. Nh6 {aendert nichts mehr} 68... Kd4 69. Ng4 69... Bf5
$19) 68... Bh7 69. Nc8 Nc2+ 70. Kb1 Nd4+ 71. Kc1 71... Nc6 {Schwarz plant Bf5}
72. Kd2 Bf5 73. Kc3 73... Be6 $1 {entscheidend} 74. Na7 Nxa7 75. Kd2 Bc4 76.
Ke3 Nc6 77. Kf4 Kd4 78. Kg5 Nb4 79. Kg6 Nd3 80. Kf5 80... Nxb2 {Droht Matt: Nd3
} 81. Kf6 (81. Kg5 {hilft allerdings auch nicht} 81... Nd3 82. Kf6 b2 83. Ke7
b1=Q 84. Kf6 Ne5 85. Kg5 Qg6+ 86. Kf4 Qg4#) 81... Nd1 (81... Nd3 82. Ke7 b2 83.
Kf6 b1=Q 84. Kg7 Ne5 85. Kf6 Qg6+ 86. Ke7 Qf7+ 87. Kd6 Qd7#) 82. Kf5 (82. Ke7 {
macht keinen grossen Unterschied} 82... b2 83. Ke8 b1=Q 84. Ke7 Ke5 85. Kd7
Qb7+ 86. Ke8 Qc7 87. Kf8 Qf7#) 82... b2 (82... Ne3+ 83. Kf4 b2 84. Kg5 b1=Q 85.
Kf6 Qf5+ 86. Kg7 Qg5+ 87. Kh7 Ke5 88. Kh8 Qg8#) 83. Kf6 (83. Kg5 {
waere gleichermassen fruchtlos} 83... b1=Q 84. Kg4 Qg6+ 85. Kf3 Ne3 86. Kf2
Qg2+ 87. Ke1 Qe2#) 83... b1=Q 84. Ke7 (84. Kg5 {nuetzt auch nichts mehr} 84...
Qh7 85. Kf4 Qg6 86. Kf3 Ne3 87. Kf2 Qg2+ 88. Ke1 Qe2#) 84... Qb7+ (84... Ke5
85. Kd7 Qb7+ 86. Ke8 Qc7 87. Kf8 Qf7#) 85. Kf6 (85. Kd6 {hilft auch nicht mehr}
85... Qd5+ 86. Ke7 Ke5 87. Ke8 Kd6 88. Kd8 Qa8#) 85... Qg7+ $19 (85... Qf7+ 86.
Kg5 Ke5 87. Kh6 Be2 88. Kg5 Qf6#) 86. Kxg7 Ke5 87. Kh6 Ne3 88. Kg7 Nf5+ 89. Kh8
(89. Kg6 {aendert den traurigen Lauf der Dinge nicht} 89... Ne7+ 90. Kg5 90...
Be6 $19) 89... Ba2 90. Kh7 Kf6 91. Kh8 Nh4 92. Kh7 Ng6 (92... Bc4 {
erleichterte Schwarz die Gewinnfuehrung} 93. Kh8 $19) 93. Kh6 Bg8 (93... Bb3 $5
{ginge schneller} 94. Kh5 Bd1+ 95. Kh6 $19) 94. Kh5 Ne5 (94... Be6 $142 {
laesst dem Gegner kaum Chancen} 95. Kh6 $19) 95. Kh4 Bd5 96. Kh5 Be4 97. Kh6 (
97. Kh4 {kann das Vorangegangene nicht ungeschehen machen} 97... Kf5 $19) 97...
Nf7+ (97... Ng6 $5 $142 {und Schwarz haette es noch leichter} 98. Kh5 Bf3+ 99.
Kh6 $19) 98. Kh5 Bf3+ 99. Kh4 Kf5 100. Kg3 Ne5 101. Kh3 101... Kf4 {
Es droht Matt} 102. Kh4 Ng6+ 103. Kh3 103... Be4 $19 (103... Bd5 104. Kh2 Kf3
105. Kg1 Bc4 106. Kh2 Nf4 107. Kg1 Kg3 108. Kh1 Bd3 109. Kg1 Nh3+ 110. Kh1 Be4#
) 104. Kh2 Kf3 105. Kh3 (105. Kg1 {aendert den traurigen Lauf der Dinge nicht}
105... Bd3 106. Kh2 Nf4 107. Kg1 Kg3 108. Kh1 Bc4 109. Kg1 Nh3+ 110. Kh1 Bd5#)
105... Bd3 106. Kh2 Nf4 107. Kg1 Kg3 108. Kh1 Be2 109. Kg1 Nh3+ 110. Kh1 Bf3#
0-1

[Event "ICS rated blitz match"]
[Site "207.99.83.227"]
[Date "1999.05.11"]
[Round "?"]
[White "Lefkas"]
[Black "Hossa"]
[Result "0-1"]
[WhiteElo "2023"]
[BlackElo "2352"]
[Annotator "Fritz 5.32 (15s)"]
[PlyCount "28"]

1. e4 e5 2. f4 exf4 3. Nf3 g5 4. Bc4 g4 5. Ne5 Qh4+ 6. Kf1 Nh6 7. h3 $2 $19 (7.
d4 d6 (7... f3 8. g3 Qh3+ 9. Kf2 Qg2+ 10. Ke3 f5 11. Nc3 c6 12. Nd3 fxe4 13.
Nf4 Nf5+ 14. Kxe4 d5+ 15. Bxd5 cxd5+ 16. Ncxd5 Nd6+ 17. Kd3 Qf2 18. Be3 Bf5+
19. Kc3 Nb5+ 20. Kb3 Bxc2+ 21. Qxc2 Qxe3+ 22. Nxe3 Nxd4+ 23. Kc3 Nxc2 24. Kxc2
h5 25. Ned5 Na6 26. Rae1+ Kf7 27. Re5 Rc8+ 28. Kb1 Rc5 29. Rf5+ Kg8 30. Ng6 Rh6
31. Nxf8 Rxd5 32. Rxd5 Kxf8 33. h3 Nb4 34. Rf5+ Kg7 35. hxg4 hxg4 36. Rd1 Kg6
37. Rb5 f2 38. Rxb4 Kg5 39. Rf4 Rh2 40. Rf1 Rg2 41. R4xf2 Rxg3 42. Rf7 Rg2 43.
Rxb7 {1-0 Kitson-Tatnall/it 1884 (43)}) 8. Nd3 f3 9. gxf3 (9. Bf4 fxg2+ 10.
Kxg2 Qh3+ (10... Nc6 11. Nf2 Rg8 12. Qd2 Bd7 13. Nc3 O-O-O 14. Ne2 Ne7 15. b4
Ng6 16. Bg5 Qh5 17. Ng3 Nh4+ 18. Bxh4 Qxh4 19. b5 Rg5 20. a4 f5 21. Bd3 Bg7 22.
exf5 Bxd4 23. Raf1 Be5 24. Nfe4 Qh3+ 25. Kf2 {
Kemmerzell,H-Wahrenberg,R/Bad Zwesten GER 1999/0-1 (62)}) 11. Kf2 Bg7 12. c3
Nc6 13. Bg3 Qh5 14. Nd2 O-O 15. Rf1 Ne7 16. Kg1 Be6 17. Nf4 Qg5 18. Bxe6 fxe6
19. Nxe6 Rxf1+ 20. Nxf1 Qg6 21. Nxc7 Rf8 22. Qb3+ Kh8 23. Qe6 Qg5 24. Bxd6 g3
25. hxg3 {1-0 Van Wessel,R-Palmans,T/op, Groningen SC (1) 1996 (25)}) 9... gxf3
10. Qxf3 Bh3+ 11. Kg1 11... Rg8+ {0-1 Palmert,M-Hall,R/Dayton OH 1974 (11)}) (
7. Nc3 $142 {und Weiss spielt mit} 7... Bg7 8. Nd3 $15) 7... f3 $15 (7... d6
$142 {und die Waage neigt sich zugunsten von Schwarz} 8. Nd3 8... gxh3 $19) 8.
gxf3 8... gxh3 {
Auf den muss Weiss aufpassen. Schwarz entwickelt eine toedliche Initiative} 9.
Qe1 $2 $19 (9. d4 $142 9... d6 10. Nd3 $17) 9... Qg5 {Droht Matt: Qg2} 10. Rxh3
(10. Ng4 Nxg4 11. fxg4 11... Qxg4 $19) 10... Qxe5 11. d3 d5 12. Rxh6 (12. Bb5+
{bot noch bessere Widerstandsmoeglichkeiten} 12... c6 13. Rh1 $19) 12... Bxh6 (
{Schlechter ist} 12... dxc4 13. Rh1 $19) 13. Bxd5 (13. Bxh6 {
haette noch versucht werden koennen} 13... Bh3+ 14. Kf2 dxc4 15. Qc3 Qh2+ 16.
Ke3 Qg1+ 17. Kf4 $19) 13... Qh2 {Es droht Matt} 14. Bxh6 (14. Qf2 {
wuerde die Partie noch etwas verlaengern} 14... Qh1+ 15. Qg1 Qxg1+ 16. Kxg1
Bxc1 17. Nc3 Bxb2 18. Nb5 $19) 14... Bh3# 0-1

[Event "ICS rated blitz match"]
[Site "207.99.83.227"]
[Date "1999.05.11"]
[Round "?"]
[White "water"]
[Black "Hossa"]
[Result "0-1"]
[WhiteElo "2057"]
[BlackElo "2376"]
[PlyCount "70"]

1. e4 e5 2. Nf3 Nf6 3. Nc3 Bb4 4. d3 d5 5. exd5 Nxd5 6. Bd2 Nc6 7. Nxd5 Qxd5 8.
Be2 Bxd2+ 9. Qxd2 O-O 10. O-O Nd4 11. Nxd4 Qxd4 12. Qc3 Qxc3 13. bxc3 Be6 14.
Bf3 c6 15. a4 Bd5 16. Be2 c5 17. Rfb1 Rae8 18. Rb5 b6 19. c4 Bc6 20. Rb2 Rb8
21. f3 f5 22. Bf1 e4 23. fxe4 fxe4 24. a5 e3 25. axb6 axb6 26. c3 Rf6 27. Re1
Re6 28. Be2 h6 29. Reb1 Rg6 30. Bf1 Re8 31. Re1 Bf3 32. g3 Rd6 33. Be2 Bxe2 34.
Rexe2 Rxd3 35. Rxb6 35... Rxc3 {water resigns} 0-1

[Event "ICS rated blitz match"]
[Site "207.99.83.227"]
[Date "1999.05.11"]
[Round "?"]
[White "Hossa"]
[Black "water"]
[Result "1-0"]
[WhiteElo "2380"]
[BlackElo "2088"]
[PlyCount "89"]

1. e4 c5 2. Nc3 e6 3. Nf3 a6 4. Be2 d6 5. d4 cxd4 6. Qxd4 Nc6 7. Qc4 Nf6 8. O-O
Be7 9. Bg5 h6 10. Bh4 O-O 11. Rad1 Bd7 12. Bxf6 Bxf6 13. Rxd6 Ne5 14. Nxe5 Bxe5
15. Rd2 Rc8 16. Qb4 Bxc3 17. bxc3 Qc7 18. Qe7 Bc6 19. Qxc7 Rxc7 20. f3 Rfc8 21.
c4 Kf8 22. Rb1 Ke7 23. e5 Rd8 24. Rxd8 Kxd8 25. c5 Rd7 26. Kf2 Rd5 27. Rd1 Rxd1
28. Bxd1 Kc7 29. c4 Be8 30. f4 g6 31. Bf3 Bc6 32. Ke3 Be8 33. h4 Ba4 34. g4 Bc2
35. Kd2 Bb1 36. a3 Ba2 37. Kc3 Bb1 38. Kb4 Bd3 39. a4 Bf1 40. a5 Bd3 41. Kc3
Bb1 42. g5 h5 43. Kd4 Bf5 44. Bd1 Bh3 45. Ba4 {water resigns} 1-0

[Event "ICS rated blitz match"]
[Site "207.99.83.227"]
[Date "1999.05.11"]
[Round "?"]
[White "Hossa"]
[Black "supernerd"]
[Result "1-0"]
[WhiteElo "2385"]
[BlackElo "2264"]
[PlyCount "131"]

1. e4 c5 2. Nc3 Nc6 3. Nf3 d6 4. d4 cxd4 5. Nxd4 g6 6. Bb5 Bd7 7. Bg5 Bg7 8.
Bxc6 bxc6 9. Qd2 Nf6 10. O-O-O O-O 11. Bh6 Qa5 12. Bxg7 Kxg7 13. Nb3 Qa6 14. e5
Ne8 15. Nc5 Qc8 16. exd6 exd6 17. N3e4 d5 18. Rde1 Kg8 19. Nc3 Qd8 20. h4 Nf6
21. h5 Nxh5 22. Qh6 f6 23. Nb7 Qc7 24. Re7 Rf7 25. Rxf7 Kxf7 26. Qxh7+ Ng7 27.
Nc5 Bf5 28. Qh6 Qd6 29. Nb3 d4 30. Rd1 Rd8 31. Rxd4 Qe7 32. Rxd8 Qxd8 33. f3
Qd6 34. Qe3 Qe7 35. Qxe7+ Kxe7 36. Na4 Bc8 37. Nac5 f5 38. Nd4 Kd6 39. b4 Nh5
40. Kd2 Nf4 41. g3 Nd5 42. a3 Nb6 43. Kc3 Nd5+ 44. Kd3 Nf6 45. f4 Nh5 46. Ne2
Nf6 47. c4 Nh5 48. Ke3 Nf6 49. Nd3 Bd7 50. Ne5 Be8 51. Nc3 Nh5 52. Kf3 Nf6 53.
a4 Nd7 54. c5+ Kc7 55. Nxd7 Kxd7 56. b5 Kc7 57. Ke3 Kd7 58. Ne2 Ke6 59. b6 axb6
60. cxb6 Kd6 61. a5 c5 62. Nc3 Kc6 63. Na4 c4 64. Kd4 Bf7 65. a6 Be6 66. a7 {
supernerd resigns} 1-0

[Event "ICS rated blitz match"]
[Site "207.99.83.227"]
[Date "1999.05.11"]
[Round "?"]
[White "supernerd"]
[Black "Hossa"]
[Result "0-1"]
[WhiteElo "2253"]
[BlackElo "2396"]
[PlyCount "74"]

1. e4 e5 2. Bc4 Nf6 3. d3 Nc6 4. Nf3 Be7 5. O-O O-O 6. Re1 d6 7. a4 Bg4 8. h3
Bh5 9. c3 Qd7 10. Nbd2 Rae8 11. Nf1 Bg6 12. Ng3 a6 13. a5 Nd8 14. Qb3 c6 15.
Qc2 c5 16. Qb3 Nc6 17. Be3 Bd8 18. Qc2 Nxa5 19. Ba2 Kh8 20. Bg5 Nc6 21. Rad1
Be7 22. Bc1 a5 23. Nh4 Qc7 24. Qe2 a4 25. Nhf5 Bd8 26. Qf3 Qd7 27. h4 h6 28. h5
Bh7 29. Be3 Na5 30. d4 cxd4 31. cxd4 Nc6 32. d5 Nb4 33. Bb1 Rg8 34. Rc1 Bxf5
35. Nxf5 Na6 36. Bxh6 gxh6 37. Qe3 37... Ng4 {supernerd resigns} 0-1

[Event "ICS rated blitz match"]
[Site "207.99.83.227"]
[Date "1999.05.11"]
[Round "?"]
[White "lunarlander"]
[Black "Hossa"]
[Result "0-1"]
[WhiteElo "2165"]
[BlackElo "2406"]
[PlyCount "46"]

1. e4 e5 2. Nf3 Nf6 3. Nxe5 Qe7 4. Nf3 Nxe4 5. Be2 Qd8 6. O-O Be7 7. d3 Nf6 8.
d4 d5 9. Nbd2 O-O 10. Re1 Re8 11. Bd3 Bg4 12. c3 Nbd7 13. Qc2 Bd6 14. Rxe8+
Qxe8 15. h3 Bh5 16. Nh2 Qe1+ 17. Ndf1 Rf8 18. b3 Bxh2+ 19. Kxh2 Bg6 20. Bxg6
fxg6 21. Bb2 Qe4 22. Qd2 Qh4 23. Ng3 23... Ng4+ {lunarlander resigns} 0-1